| 000 | 00805nam0a22002531 4500 | ||
|---|---|---|---|
| 001 | rc\123098 | ||
| 005 | 20250620191346.0 | ||
| 010 |
_a5-7140-0142-7 _910000 |
||
| 035 | _a(NLR Aleph) 005379953 | ||
| 090 |
_a7090065 _c7090065 |
||
| 100 | _a20021216d1994 |||y0rusy50 ca | ||
| 101 | 0 | _arus | |
| 102 | _aRU | ||
| 105 | _aa ||||||||| | ||
| 200 | 1 |
_aРусская музыкальная литература _eДля VI-VII кл. дет. муз. шк. _fПод ред. Т.В. Поповой |
|
| 205 | _aПереизд. | ||
| 210 |
_aМ. _cМузыка _d1994 |
||
| 215 |
_a135, [4] с. _cил., нот. ил. _d22 |
||
| 700 | 1 |
_aСмирнова _bЭ.С. _gЭсфирь Соломоновна |
|
| 801 | 0 |
_aRU _bNLR _gpsbo |
|
| 801 | 1 |
_aRU _bELAR _2rusmarc |
|
| 852 |
_aNLR _j94-5/479 |
||
| 942 | _cBOOK | ||
| 980 | _aNB | ||